Statistics for Abraham Lincoln Presidential Cabinet

Click here to take the quiz!

General Stats

  • This quiz has been taken 27 times
  • The average score is 7 of 15

Answer Stats

Cabinet PositionCabinet Member% Correct
Vice President (1865)Andrew Johnson
100%
Vice President (1861-1865)Hannibal Hamlin
90%
Secretary of State (1861-1865)William Seward
90%
Secretary of Treasury (1861-1864)Salmon P. Chase
85%
Secretary of War (1862-1865)Edwin Stanton
80%
Secretary of the Navy (1861-1865)Gideon Welles
60%
Postmaster General (1861-1864)Montgomery Blair
50%
Attorney General (1861-1864)Edward Bates
45%
Secretary of War (1861-1862)Simon Cameron
40%
Attorney General (1864-1865)James Speed
25%
Secretary of Treasury (1864-1865)William Fessenden
20%
Secretary of the Interior (1861-1862)Caleb Blood Smith
0%
Secretary of Treasury (1865)Hugh McCulloch
0%
Secretary of the Interior (1862-1865)John Palmer Usher
0%
Postmaster General (1864-1865)William Dennison Jr.
0%

Score Distribution

Percentile by Number Answered

Percent of People with Each Score

Your Score History

You have not taken this quiz